| 000 | 00380nam a2200133Ia 4500 | ||
|---|---|---|---|
| 008 | 210210b1968 xxu||||| |||| 00| 0 eng d | ||
| 082 | _a302 MCHD | ||
| 100 | _aMcHUGH (Peter). | ||
| 245 | _aDefining the situation: the organization of meaning in social interaction. | ||
| 260 |
_aNY _bThe Bobbs Merrill Co. _c1968 |
||
| 300 | _a143 | ||
| 690 | _aSocial Psychology | ||
| 906 | _a041830 | ||
| 999 |
_c91493 _d91493 |
||